<?xml version="1.0" encoding="UTF-8"?>
<record
    xmlns:xsi="http://www.w3.org/2001/XMLSchema-instance"
    xsi:schemaLocation="http://www.loc.gov/MARC21/slim http://www.loc.gov/standards/marcxml/schema/MARC21slim.xsd"
    xmlns="http://www.loc.gov/MARC21/slim">

  <leader>00811na  a2200265   4500</leader>
  <controlfield tag="001">19968</controlfield>
  <controlfield tag="003">MIRAKIL</controlfield>
  <controlfield tag="005">20181213155247.0</controlfield>
  <controlfield tag="008">161229b        tu            000 0      </controlfield>
  <datafield tag="035" ind1=" " ind2=" ">
    <subfield code="a">19968</subfield>
  </datafield>
  <datafield tag="040" ind1=" " ind2=" ">
    <subfield code="a">Milas</subfield>
    <subfield code="b">tur</subfield>
    <subfield code="c">TR-AnCHP</subfield>
  </datafield>
  <datafield tag="041" ind1=" " ind2=" ">
    <subfield code="a">tur</subfield>
  </datafield>
  <datafield tag="082" ind1=" " ind2=" ">
    <subfield code="a">320.9561</subfield>
    <subfield code="b">E33k 1992</subfield>
  </datafield>
  <datafield tag="090" ind1=" " ind2=" ">
    <subfield code="a">320.9561 E33k 1992</subfield>
  </datafield>
  <datafield tag="100" ind1=" " ind2=" ">
    <subfield code="a">Ege, S&#xFC;leyman</subfield>
  </datafield>
  <datafield tag="245" ind1=" " ind2=" ">
    <subfield code="a">Kitab&#x131;n ate&#x15F;le dans&#x131;</subfield>
    <subfield code="c">S&#xFC;leyman Ege</subfield>
  </datafield>
  <datafield tag="260" ind1=" " ind2=" ">
    <subfield code="a">Ankara</subfield>
    <subfield code="b">Bilim ve Sosyalizm Yay&#x131;nlar&#x131;</subfield>
    <subfield code="c">1992</subfield>
  </datafield>
  <datafield tag="300" ind1=" " ind2=" ">
    <subfield code="a">162 s.</subfield>
    <subfield code="c">20 sm.</subfield>
  </datafield>
  <datafield tag="490" ind1=" " ind2=" ">
    <subfield code="a">Bilim ve Sosyalizm Yay&#x131;nlar&#x131;</subfield>
    <subfield code="v">17</subfield>
  </datafield>
  <datafield tag="650" ind1=" " ind2=" ">
    <subfield code="a">S&#x131;k&#x131;y&#xF6;netim</subfield>
    <subfield code="x">12 Eyl&#xFC;l 1980</subfield>
    <subfield code="y">Davalar</subfield>
  </datafield>
  <datafield tag="650" ind1=" " ind2=" ">
    <subfield code="a">Kitap imha</subfield>
    <subfield code="x">S&#x131;k&#x131;y&#xF6;netim</subfield>
    <subfield code="y">Yasak kitaplar</subfield>
  </datafield>
  <datafield tag="650" ind1=" " ind2=" ">
    <subfield code="a">Siyasal tarih</subfield>
    <subfield code="x">12 Eyl&#xFC;l 1980</subfield>
    <subfield code="y">S&#x131;k&#x131;y&#xF6;netim d&#xF6;nemi</subfield>
    <subfield code="z">T&#xFC;rkiye</subfield>
  </datafield>
  <datafield tag="657" ind1=" " ind2=" ">
    <subfield code="a">Yasak kitaplar listesi</subfield>
  </datafield>
  <datafield tag="942" ind1=" " ind2=" ">
    <subfield code="2">ddc</subfield>
    <subfield code="c">BKS</subfield>
  </datafield>
  <datafield tag="952" ind1=" " ind2=" ">
    <subfield code="a">0001</subfield>
    <subfield code="b">0001</subfield>
    <subfield code="d">2016-12-29</subfield>
    <subfield code="e">2</subfield>
    <subfield code="l">0</subfield>
    <subfield code="o">320.9561 E33k 1992</subfield>
    <subfield code="p">010383</subfield>
    <subfield code="r">2016-12-29 00:00:00</subfield>
    <subfield code="v">0.00</subfield>
    <subfield code="w">2016-12-29</subfield>
    <subfield code="y">BKS</subfield>
  </datafield>
  <datafield tag="999" ind1=" " ind2=" ">
    <subfield code="c">9473</subfield>
    <subfield code="d">9473</subfield>
  </datafield>
</record>
